Retrieving women's history: (Record no. 3417)

MARC details
000 -LEADER
fixed length control field 00966nam a2200241 4500
003 - CONTROL NUMBER IDENTIFIER
control field LK-CoMWRAF
008 - FIXED-LENGTH DATA ELEMENTS--GENERAL INFORMATION
fixed length control field 230905b1988 |||||||| |||| 00| 0 eng d
020 ## - INTERNATIONAL STANDARD BOOK NUMBER
International Standard Book Number 0854962646
040 ## - CATALOGING SOURCE
Original cataloging agency LK-CoMWRAF
Modifying agency LK-CoMWRAF
Description conventions LK-CoMWRAF
041 ## - LANGUAGE CODE
Language code of text/sound track or separate title English
082 ## - DEWEY DECIMAL CLASSIFICATION NUMBER
Classification number 305.42
Item number THE
942 ## - ADDED ENTRY ELEMENTS (KOHA)
Koha item type Conference Proceeding
111 ## - MAIN ENTRY--MEETING NAME
Meeting name or jurisdiction name as entry element THEORETICAL FRAMEWORKS AND METHODOLOGICAL APPROACHES TO STUDIES ON THE ROLE OF WOMEN IN HISTORY AS ACTORS IN ECONOMIC,SOCIAL POLITICAL AND IDEOLOGICAL PROCESSES
Location of meeting (Paris,
Date of meeting November 1984)
700 ## - ADDED ENTRY--PERSONAL NAME
Personal name Kleinberg, S. Jay
relator term editor
245 ## - TITLE STATEMENT
Title Retrieving women's history:
Remainder of title changing perceptions of the role of women in politics and society
260 ## - PUBLICATION, DISTRIBUTION, ETC. (IMPRINT)
Place of publication, distribution, etc. Berg:
Name of publisher, distributor, etc. Unesco press,
Date of publication, distribution, etc. 1988
300 ## - PHYSICAL DESCRIPTION
Extent xii, 380 p. ; 22 cm.
Other physical details Bibliography included
490 ## - SERIES STATEMENT
Series statement Berg /Unesco comparative studies
650 ## - SUBJECT ADDED ENTRY--TOPICAL TERM
Topical term or geographic name as entry element Women -- History -- Congresses
650 ## - SUBJECT ADDED ENTRY--TOPICAL TERM
Topical term or geographic name as entry element Women's studies
650 ## - SUBJECT ADDED ENTRY--TOPICAL TERM
Topical term or geographic name as entry element Sexual division of labor -- History
650 ## - SUBJECT ADDED ENTRY--TOPICAL TERM
Topical term or geographic name as entry element Women -- Political activity -- History
Holdings
Withdrawn status Lost status Damaged status Not for loan Permanent Location Current Location Date acquired Full call number Barcode Koha item type
        Resource center, Muslim Women's Research And Action Forum Resource center, Muslim Women's Research And Action Forum 2023-09-05 305.42 THE RAF580 Books

Copyright © 2023 Muslim Women's Research and Action Forum (MWRAF), No 27/3, Anderson Road, Kalubowila, Dehiwela. Funded by The Asia Fundation